Statistiques concernant Harry Potter - Les races de dragons

Cliquez ici pour prendre le quiz!

Statistiques générales

  • Ce quiz a été pris 21 fois
  • Le résultat moyen est 5 sur 10

Statistiques - réponses

HintRéponse% Correct
TournoiMagyar à Pointes
100%
TournoiVert Gallois Commun
71%
NorbertNorvégien à Crête
65%
TournoiBoutefeu Chinois
59%
TournoiSuédois à Museau Court
59%
GringottsPansedefer Ukrainien
53%
Pas dans les filmsNoir des Hébrides
29%
Pas dans les filmsOpaloeil des Antipodes
29%
Pas dans les filmsCornelongue Roumain
24%
Pas dans les filmsDents-De-Vipère du Pérou
18%

Distribution des résultats

Percentile par nombre de réponses

% des personnes avec chaque résultat

Votre développement - résultats

Vous n’avez pas pris ce quiz